| 000 | 01252cam a22002295a 4500 | ||
|---|---|---|---|
| 001 | L139630 | ||
| 008 | 070801s2007 xxk f g f000 0 eng d | ||
| 020 | _a9780110768281 | ||
| 035 | _a(Sirsi) u139630 | ||
| 041 | 0 | _aeng | |
| 050 | 0 | 4 | _a346.4104343 $2 18 |
| 110 | 1 |
_aUnited Kingdom _kLaws, etc _95044 |
|
| 245 | 0 | 4 |
_aThe Administration Charges (Summary of Rights and Obligations) (England) Regulations 2007 _h[electronic resource] |
| 490 | 0 |
_aStatutory Instrument _v2007: 1258 |
|
| 520 | _aComes into force 1 October 2007. Introduces regulations stating that landlords who make administrative charges on their tenants have to supply leaseholders with information on their rights regarding these charges. Such information must accompany every demand for payment. Should the landlord fail to do this, leaseholders will have the statutory right to withhold payment. | ||
| 590 | _aKA | ||
| 650 | 2 | 4 | _aADMINISTRATION CHARGES (SUMMARY OF RIGHTS AND OBLIGATIONS) (ENGLAND) REGULATIONS 2007 |
| 651 | 4 |
_aEngland _y886- |
|
| 690 | _aPROPERTY-RESIDENTIAL PROPERTY-RESIDENTIAL LANDLORD AND TENANT-RESIDENTIAL TENANCIES | ||
| 856 | 4 | 0 |
_uhttps://www.opsi.gov.uk/SI/si2007/20071258.htm _zView the Regulations free of charge at www.opsi.gov.uk... |
| 942 | _n0 | ||
| 999 |
_c107318 _d107318 |
||